| 000 | 00364nam a2200133Ia 4500 | ||
|---|---|---|---|
| 005 | 20260326100027.0 | ||
| 008 | 260326s9999||||xx |||||||||||||| ||und|| | ||
| 100 | _aDa Silva Telles, Augusto C. | ||
| 245 | 0 |
_aArquitetura Civil II / _cAugusto C. Da Silva Telles |
|
| 260 | _bUniversidad de Sao Paulo | ||
| 300 | _a257 p. | ||
| 650 | _aARQUITECTURA CIVIL | ||
| 942 | _cBK | ||
| 999 |
_c6457 _d6457 |
||